How to fight the drug war

সংরক্ষণ করুন:
গ্রন্থ-পঞ্জীর বিবরন
প্রধান লেখক: Gorriti, Gustavo A.
বিন্যাস: পাঠ‍্য
প্রকাশিত: s.l.: s.e.
ট্যাগগুলো: ট্যাগ যুক্ত করুন
কোনো ট্যাগ নেই, প্রথমজন হিসাবে ট্যাগ করুন!

MARC

LEADER 00000 a a2200000 04500
001 23994
003
040
090 |a 170200  
100 |a Gorriti, Gustavo A.  
245 |a How to fight the drug war  
260 |a s.l.:   |b s.e.  
300 |a pp. 70-76  
999 |c 9703  |d 9703